Manual de psicopatología (Registro nro. 9900)

Detalles MARC
000 -Cabecera
Campo de control de longitud fija 00896aam a2200349 4500
005 - Fecha y hora de la última transacción
Campo de control 20250826113023.0
008 - Elementos de longitud fija--Información general
Campo de control de longitud fija 150306b1996 xxu||||| |||| 00| 0 spa d
020 ## - International Standard Book Number
Número Internacional Estándar del Libro (ISBN) 8448118340
041 ## - Idioma
Código de idioma Español
082 ## - Clasificación Decimal Dewey
Número de clasificación 616.89 B457m
100 ## - Entrada principal--Autor personal
Nombre personal Belloch, Amparo
9 (RLIN) 44350
100 ## - Entrada principal--Autor personal
Nombre personal Sandín, Bonifacio
100 ## - Entrada principal--Autor personal
Nombre personal Ramos, Francisco
245 ## - Título propiamente dicho
Título Manual de psicopatología
260 ## - Pie de imprenta
Lugar de publicación, distribución, etc. España
260 ## - Pie de imprenta
Nombre del editor, distribuidor, etc. McGraw-Hill
260 ## - Pie de imprenta
Fecha de publicación, distribución, etc. 1995
300 ## - Descripción física
Extensión 613 páginas
490 ## - Serie
Título de la Serie Temática General
650 ## - Materia general
Temática (materia general) PSICOPATOLOGÍA
650 ## - Materia general
Temática (materia general) TRASTORNOS MENTALES
650 ## - Materia general
Temática (materia general) TRASTORNOS DEL SUEÑO
650 ## - Materia general
Temática (materia general) TRASTORNOS DEL PENSAMIENTO
650 ## - Materia general
Temática (materia general) ESTRÉS
650 ## - Materia general
Temática (materia general) SUICIDIO
650 ## - Materia general
Temática (materia general) TRASTORNOS SEXUALES
650 ## - Materia general
Temática (materia general) ALCOHOLISMO
650 ## - Materia general
Temática (materia general) DROGODEPENDENCIAS
650 ## - Materia general
Temática (materia general) TRASTORNOS ALIMENTARIOS
650 ## - Materia general
Temática (materia general) TRASTORNOS PSICOMOTORES
942 ## - Punto de acceso adicional KOHA
Tipo de ítem KOHA Libro
Fuente del sistema de clasificación o colocación Dewey Decimal Classification
Existencias
Signatura completa Código de barras Programa Académico Tipo de ítem
616.89 B457m 6176 Temática General Libro